Top 200 UK Baby Girl Names in 1840 - Statistics

General Stats
  • This quiz has been taken 1,153 times
  • The average score is 74 of 200
Answer Stats
# Name % Correct
199 Marie
96%
1 Mary
96%
6 Eliza
95%
2 Elizabeth
95%
4 Ann
93%
13 Maria
88%
37 Anna
87%
5 Jane
87%
62 Victoria
87%
9 Margaret
86%
16 Charlotte
85%
3 Sarah
85%
15 Emily
82%
7 Emma
82%
60 Rose
82%
91 Isabel
80%
145 Joan
80%
17 Alice
78%
8 Hannah
78%
45 Helen
78%
41 Grace
76%
35 Julia
76%
65 Laura
76%
18 Caroline
75%
33 Rachel
75%
24 Rebecca
75%
10 Ellen
74%
21 Frances
74%
25 Susan
73%
23 Isabella
72%
107 Annie
71%
160 Florence
71%
27 Lucy
71%
39 Ruth
71%
49 Dorothy
70%
76 Kate
70%
159 Olivia
70%
63 Amy
69%
30 Amelia
68%
26 Eleanor
68%
86 Janet
68%
198 Louise
68%
74 Edith
67%
12 Martha
67%
11 Harriet
66%
28 Sophia
65%
43 Clara
64%
72 Diana
64%
181 Violet
64%
157 Josephine
63%
67 Barbara
62%
170 Christina
62%
68 Rosa
62%
42 Betty
61%
44 Nancy
61%
20 Louisa
60%
111 Olive
60%
29 Esther
58%
143 Helena
58%
176 May
55%
82 Ada
54%
92 Abigail
53%
87 Georgina
53%
69 Leah
53%
38 Agnes
51%
81 Deborah
51%
34 Lydia
51%
114 Flora
49%
48 Henrietta
49%
99 Judith
48%
80 Marian
48%
142 Edna
47%
70 Naomi
47%
144 Penelope
47%
88 Theresa
47%
163 Amanda
46%
123 Bertha
46%
135 Faith
46%
31 Matilda
46%
40 Phoebe
46%
64 Sally
46%
186 Bella
45%
188 Dora
44%
193 Mabel
43%
126 Gertrude
42%
32 Betsy
41%
141 Joyce
41%
184 Agatha
40%
112 Gwen
40%
102 Winifred
40%
79 Jessie
39%
178 Allison
38%
153 Constance
38%
78 Adelaide
36%
137 Jenny
36%
22 Fanny
35%
89 Miriam
35%
127 Pamela
35%
96 Bessy
34%
128 Lois
34%
106 Millicent
34%
19 Susannah
34%
165 Sylvia
34%
93 Angelina
33%
166 Madeline
32%
53 Bridget
31%
84 Cecilia
31%
148 Adeline
28%
185 Annabella
28%
47 Priscilla
28%
58 Johanna
26%
190 Lucinda
26%
167 Norah
26%
100 Celia
25%
54 Georgiana
25%
134 Philippa
25%
187 Belinda
24%
66 Marianne
24%
132 Peggy
24%
94 Prudence
22%
162 Ursula
22%
55 Lavinia
21%
116 Arabella
20%
161 Annette
19%
83 Augusta
19%
124 Charity
19%
109 Clarissa
19%
46 Jemima
19%
139 Blanche
18%
51 Dinah
18%
115 Kitty
18%
77 Letitia
18%
118 Mira
18%
130 Tabitha
18%
131 Eunice
17%
56 Hester
17%
14 Catharine
16%
177 Paulina
16%
125 Juliana
14%
50 Rhoda
14%
36 Selina
14%
179 Dorothea
13%
175 Melinda
13%
71 Rosetta
13%
59 Rosina
13%
75 Mercy
12%
101 Patience
12%
52 Rosanna
12%
57 Christiana
11%
147 Cordelia
11%
191 Magdalen
11%
122 Tamar
11%
61 Kezia
10%
120 Margery
10%
110 Dorcas
9%
155 Leonora
9%
138 Cicely
8%
113 Honor
8%
85 Jennet
8%
180 Frederica
7%
73 Thirza
7%
119 Lettice
6%
90 Nanny
6%
196 Easter
5%
195 Annetta
4%
182 Bathsheba
4%
154 Euphemia
4%
164 Rosamond
4%
168 Salome
4%
169 Theodosia
4%
121 Annis
3%
172 Clementina
3%
200 Comfort
3%
146 Drusilla
3%
95 Emeline
3%
104 Emila
3%
105 Hephzibah
3%
149 Honora
3%
173 Keturah
3%
140 Margaretta
3%
183 Philadelphia
3%
97 Phillis
3%
98 Sabina
3%
158 Temperance
3%
129 Zillah
3%
194 Zipporah
3%
174 Asenath
2%
189 Elvina
2%
103 Gwenllian
2%
197 Jenefer
2%
117 Levina
2%
171 Loveday
2%
151 Lucretia
2%
152 Bethia
1%
150 Lowry
1%
108 Mahala
1%
133 Tryphena
1%
192 Virtue
1%
156 Zilpha
1%
136 Thomsin
0%
No matching quizzes found
Score Distribution
Percent of People with Each Score
Percentile by Number Answered
Your Score History
You have not taken this quiz